Проектирование системы управления виброприводом микромеханического гироскопа; Неразрушающий контроль: электронное приборостроение, технологии, безопасность; Т. 2

Detalles Bibliográficos
Parent link:Неразрушающий контроль: электронное приборостроение, технологии, безопасность: сборник трудов III Всероссийской научно-практической конференции студентов, аспирантов и молодых учёных, Томск, 27-31 мая 2013 г./ Национальный исследовательский Томский политехнический университет (ТПУ).— , 2013
Т. 2.— 2013.— [С. 43-44]
Autor Principal: Семенцов А. О.
Autor Corporativo: Национальный исследовательский Томский политехнический университет (ТПУ) Институт кибернетики (ИК) Кафедра компьютерных измерительных систем и метрологии (КИСМ)
Outros autores: Бориков В. Н. Валерий Николаевич (научный руководитель)
Summary:Заглавие с титульного экрана
Idioma:ruso
Publicado: 2013
Series:Современные системы и технологии в неразрушающем контроле
Subjects:
Acceso en liña:http://www.lib.tpu.ru/fulltext/c/2013/C36/V2/011.pdf
Formato: MixedMaterials Electrónico Capítulo de libro
KOHA link:https://koha.lib.tpu.ru/cgi-bin/koha/opac-detail.pl?biblionumber=603375

MARC

LEADER 00000naa2a2200000 4500
001 603375
005 20260304162014.0
035 |a (RuTPU)RU\TPU\conf\559 
035 |a RU\TPU\conf\556 
090 |a 603375 
100 |a 20140114d2013 k y0rusy50 ca 
101 0 |a rus 
102 |a RU 
135 |a drnn ---uucaa 
181 0 |a i  
182 0 |a b 
200 1 |a Проектирование системы управления виброприводом микромеханического гироскопа  |f А. О. Семенцов  |g науч. рук. В. Н. Бориков 
203 |a Текст  |c электронный 
225 1 |a Современные системы и технологии в неразрушающем контроле 
300 |a Заглавие с титульного экрана 
320 |a [Библиогр.: с. 44 (1 назв.)] 
337 |a Adobe Reader 
461 1 |0 (RuTPU)RU\TPU\conf\33  |t Неразрушающий контроль: электронное приборостроение, технологии, безопасность  |o сборник трудов III Всероссийской научно-практической конференции студентов, аспирантов и молодых учёных, Томск, 27-31 мая 2013 г.  |o в 2 т.  |f Национальный исследовательский Томский политехнический университет (ТПУ)  |d 2013 
463 1 |0 (RuTPU)RU\TPU\conf\35  |t Т. 2  |v [С. 43-44]  |d 2013 
610 1 |a труды учёных ТПУ 
610 1 |a электронный ресурс 
610 1 |a системы управления 
610 1 |a виброприводы 
610 1 |a микромеханические гироскопы 
610 1 |a гироскопы 
610 1 |a микроэлектромеханические устройства 
700 1 |a Семенцов  |b А. О. 
702 1 |a Бориков  |b В. Н.  |c специалист в области машиностроения  |c доцент Томского политехнического университета, кандидат технических наук  |f 1963-  |g Валерий Николаевич  |4 727 
712 0 2 |a Национальный исследовательский Томский политехнический университет (ТПУ)  |b Институт кибернетики (ИК)  |b Кафедра компьютерных измерительных систем и метрологии (КИСМ)  |3 (RuTPU)RU\TPU\col\18706 
801 2 |a RU  |b 63413507  |c 20230522  |g RCR 
856 4 |u http://www.lib.tpu.ru/fulltext/c/2013/C36/V2/011.pdf 
942 |c BK